Регионална библиотека "Любен Каравелов" - Русе

Приятели с думите - ІІ група (Запис номер 55562)

MARC детайли
000 -Лидер
Контролно поле с фиксирана дължина 02248nam a2200397 c 4500
003 - Код на организацията, давaща контролен номер
Контролно поле BLK
005 - Дата и час на последна редакция
Контролно поле 20231220114937.0
008 - Елементи от данни с фиксирана дължина
fixed length control field 180408b bul|||||r ||||||| ||bul||
010 ## - Наследен системен номер
LC control number KNG00059530000
020 ## - Международен стандартен номер на книга ISBN
Международен стандартен номер на книга ISBN 978-954-426-833-6
-- издат.: Анубис - (в папка)
040 ## - Източник на каталожния запис
Идентификатор на билиотеката - собственик на записа BLK
041 ## - Код за език
Код за езика на текст/звукозапис или на отделно заглавие Български
Код за езика КДБФ Български
072 #7 - Код за тематичната категория
Код организация bullib
Код за тематична категория Н372
Текст Учебни предмети. Учебници Н
080 ## - УДК
Текстов определител УДК Развиване на мисълта. Подвижни упражнения - Упражняване на вниманието и способността за различаване, наблюдаване на природата, гимнастика, ритмични упражнения, ръчна работа и др.
УДК код - определител по УДК 372.36
УДК определител (076)
УДК - код + определител 372.36(076)
100 1# - Редна дума - Автор
Автор Ангелов, Божидар Михайлов
R(LIN) 31376
139 ## - Редно поле
Редна дума Ангелов, Божидар Михайлов и др.
Авторски знак Ан - А 64
245 10 - Сведения за заглавието
Заглавие Приятели с думите - ІІ група
Подзаглавни данни Образователно направление Български език и литература
Редно поле (дума) Божидар Михайлов Ангелов; съавт. Татяна Борисова Ненкова; съавт. Розалина Пламенова Енгелс; ил. Александър Георгиев Алексов.
257 ## - Страна на издаване
Страна на създаване/издаване България
260 ## - Област на издателските данни
-- София
Име на издателя, разпространителя и проч. Анубис
Година на издаване 2009
Печатница София : Вулкан
300 ## - Физическа характеристика
Страници 32 отд. л.
Илюстрации и др. с цв. ил.
Размери/Мащаб 29 см
380 ## - Жанр
Жанр Обществени науки
500 ## - Общи забележки
Забележка Кор. опис.
650 #4 - Допълнително описание по предмет – тема
Основно описание – тема или топоним Предучилищно възпитание - методика на преподаването
9 (RLIN) 242554
653 ## - Ключова дума – ненормативна
Ключова дума предучилищно възпитание
653 ## - Ключова дума – ненормативна
Ключова дума методика на преподаването
659 ## - Тематичен бюлетин
Тематичен бюлетин Н
700 1# - Други автори (авторска отговорност)
Лично име Ненкова, Татяна Борисова
Автороска отговорност (Описва отношението между автора и произведението) съавт.
9 (RLIN) 369003
700 1# - Други автори (авторска отговорност)
Лично име Енгелс, Розалина Пламенова
Автороска отговорност (Описва отношението между автора и произведението) съавт.
9 (RLIN) 286289
700 1# - Други автори (авторска отговорност)
Лично име Алексов, Александър Георгиев
Автороска отговорност (Описва отношението между автора и произведението) ил.
9 (RLIN) 241913
852 ## - Местоположение
Форматна сигнатура Цб ІІ 16781
856 4# - Електронен адрес и достъп
Електронен формат pdf - файл
Път до файла /url/
856 4# - Електронен адрес и достъп
Електронен формат pdf - файл
Път до файла /url/
942 ## - АРТИКУЛИ
Вид на библиотечния материал Книги
Скрит в OPAC Не
944 ## - СЪЗДАВАНЕ И РЕДАКЦИЯ на ЗАПИСА
Създаване/Редакция Създаване
Дата на регистрацията/редакция 13.07.2011
Служител, извършил регистрацията/редакцията 30560
Статус, дата на статуса Геновева Генчева
944 ## - СЪЗДАВАНЕ И РЕДАКЦИЯ на ЗАПИСА
Създаване/Редакция Редакция
Дата на регистрацията/редакция 19.10.2011
Служител, извършил регистрацията/редакцията
999 ## - СИСТЕМНИ КОНТРОЛНИ НОМЕРА
Koha biblionumber 55562
Koha biblioitemnumber 55562
Наличности
Код за отписване Код за изгубен артикул Код за повреда Коз за рестрикции Код за отдаване Артикулен № Име на библиотеката - собственик Име на библиотеката, в която се намира в момента Статус (Текущо местоположение) Дата на вписване в системата Местоположение - отдел Цена в лева Инвентарен номер Систематично азбучна сигнатура Баркод Номер на екземпляра Цена в евро Служебна бележка Служебен тип на артикула
  Не е изгубен Не е повреден без рестрикции ползва се в читалня 87413 Регионална библиотека "Любен Каравелов" Русе Регионална библиотека "Любен Каравелов" Русе Хранилище 2011-07-07 Хранилище 6.50 120000751897 Цб ІІ 16781 120000751897 1 3.32 Дост: Dp Вид: Д N: 4 Дата: 24.01.2011 Книги
Vip Innovations Ltd, Rousse, Bulgaria 2025